La misión era matar : El juicio a la Caravana Pinochet-Arellano /

Es fruto de una investigación periodística que, integrando un vasto caudal de datos e informaciones, reconstruye exhaustivamente los pasos de "la caravana de la muerte", nombre con que se conocen los condenables hechos ocurridos durante la misión encomendada por Augusto Pinochet al general Sergio Ar...

Descripción completa

Detalles Bibliográficos
Autor principal: Escalante, Jorge
Formato: Libro
Lenguaje:español
Publicado: Santiago, Chile LOM 2000
Edición:1a. ed.
Colección:Colección nuevo periodismo
Materias:
Acceso en línea:

MARC

LEADER 00000cam a2200000 a 4500
001 013582
003 UAHC_CL
005 20170803121029.0
008 070419b2000 cl 000 spa
020 |a 9562823113 
040 |a UAHC_CL  |c UAHC_CL  |d UAHC_CL 
100 1 |a Escalante, Jorge 
245 1 3 |a La misión era matar :  |b El juicio a la Caravana Pinochet-Arellano /  |c Jorge Escalante Hidalgo. 
250 |a 1a. ed. 
260 |b LOM  |a Santiago, Chile  |c 2000 
300 |a 291 p. 
490 0 |a Colección nuevo periodismo 
520 |a Es fruto de una investigación periodística que, integrando un vasto caudal de datos e informaciones, reconstruye exhaustivamente los pasos de "la caravana de la muerte", nombre con que se conocen los condenables hechos ocurridos durante la misión encomendada por Augusto Pinochet al general Sergio Arellano Stark. 
650 4 |a DERECHOS HUMANOS  |z CHILE 
651 4 |a CHILE  |x HISTORIA  |y 1973 
653 |a PERIODISMO 
900 |a 364.1 ESC 
942 |c BK 
952 |0 0  |1 0  |4 0  |6 364_100000000000000_ESC  |7 0  |8 General  |9 27289  |a BC  |b BC  |c General  |d 2017-08-03  |l 0  |o 364.1 ESC  |p 1358159  |r 2026-01-13 00:00:00  |t 1  |w 2017-08-03  |y BK 
952 |0 0  |1 0  |4 0  |6 364_100000000000000_ESC  |7 0  |8 General  |9 27290  |a BC  |b BC  |c General  |d 2017-08-03  |l 1  |o 364.1 ESC  |p 1420430  |r 2026-01-14 00:00:00  |s 2025-03-21  |t 2  |w 2017-08-03  |y BK 
999 |c 13582  |d 13582